000 00945nam a22002177a 4500
999 _c62894
_d62894
005 20251125233100.0
008 s2553 th ||||| |||| 00| 0 tha d
020 _a9789742888824
040 _aNALT
050 _aJZ4839 ข139อ 2553
100 0 _aขจิต จิตตเสวี
245 1 0 _aองค์การระหว่างประเทศ [2nd]
260 3 _aกรุงเทพฯ :
_bวิญญูชน,
_c2553
300 _a521 หน้า :
_b ภาพประกอบ, ตาราง ;
_c 26 ซม.
650 0 4 _aความสัมพันธ์ระหว่างประเทศ
650 0 4 _aองค์การระหว่างประเทศ
850 _aNALT
856 4 0 _uhttps://hdl.handle.net/20.500.14156/338191
_71
942 _cGB
_2lcc
_07
998 _j111
_k นางสาวพจพิณ พรมเอี่ยม